Object-oriented database systems : (Record no. 62578)

MARC details
000 -LEADER
fixed length control field 00937nam a22002657a 4500
005 - DATE AND TIME OF LATEST TRANSACTION
control field 20120211150847.0
008 - FIXED-LENGTH DATA ELEMENTS--GENERAL INFORMATION
fixed length control field 120211t xxu||||| |||| 00| 0 eng d
020 ## - INTERNATIONAL STANDARD BOOK NUMBER
International Standard Book Number 8120312570
Terms of availability 150.00
035 ## - SYSTEM CONTROL NUMBER
System control number A-939759
040 ## - CATALOGING SOURCE
Original cataloging agency DPL
Language of cataloging Eng
082 ## - DEWEY DECIMAL CLASSIFICATION NUMBER
Classification number 005.74
100 ## - MAIN ENTRY--PERSONAL NAME
9 (RLIN) 21837
Personal name Prabhu, C.S.R.
245 ## - TITLE STATEMENT
Title Object-oriented database systems :
Statement of responsibility, etc by C.S.R. Prabhu
Remainder of title approaches and architectures /
260 ## - PUBLICATION, DISTRIBUTION, ETC. (IMPRINT)
Place of publication, distribution, etc New Delhi
Name of publisher, distributor, etc Prentice-Hall of India
Date of publication, distribution, etc 1998
270 ## - ADDRESS
Address M-97, Connaught Circus
City New Delhi
Postal code 110001
300 ## - PHYSICAL DESCRIPTION
Extent xiii, 196p.
Dimensions 24cm (pbk)
500 ## - GENERAL NOTE
General note Includes bibliographical references and index
650 ## - SUBJECT ADDED ENTRY--TOPICAL TERM
9 (RLIN) 21838
Topical term or geographic name as entry element Object-oriented databases.
650 ## - SUBJECT ADDED ENTRY--TOPICAL TERM
9 (RLIN) 21839
650 ## - SUBJECT ADDED ENTRY--TOPICAL TERM
9 (RLIN) 21840
650 ## - SUBJECT ADDED ENTRY--TOPICAL TERM
9 (RLIN) 24763
700 ## - ADDED ENTRY--PERSONAL NAME
9 (RLIN) 21841
942 ## - ADDED ENTRY ELEMENTS (KOHA)
Source of classification or shelving scheme Dewey Decimal Classification
Item type English Books
Call number suffix PRA
Classification part 005.74
Holdings
Withdrawn status Lost status Source of classification or shelving scheme Damaged status Not for loan Collection code Home library Current library Shelving location Date acquired Cost, normal purchase price Total Checkouts Full call number Barcode Date last seen Cost, replacement price Koha item type
    Dewey Decimal Classification     Non-fiction Sarojini Nagar Sarojini Nagar General Stacks 11/02/2012 150.00   005.74 PRA A-939759 11/02/2012 150.00 English Books

© Delhi Public Library
Hit Counter
free hit counter